00269nam a2200133Ia 45000030006000000080041000060400015000471000014000622450020000762600006000963000006001025460010001080050017001180STCL150530s9999 xx 000 0 und d aSTCLcSTCL aVallathol aSahitya Manjeri c0 a0 aHindi20220125170721.0